Welcome to Childcraft : (Record no. 58875)

MARC details
000 -LEADER
fixed length control field 00434nam a22001457a 4500
005 - DATE AND TIME OF LATEST TRANSACTION
control field 20111201115525.0
020 ## - INTERNATIONAL STANDARD BOOK NUMBER
International Standard Book Number 0716665077
037 ## - SOURCE OF ACQUISITION
Stock number Blue Berry/Ven
Source of stock number/acquisition DPL
245 ## - TITLE STATEMENT
Title Welcome to Childcraft :
Statement of responsibility, etc The how and why Library /
260 ## - PUBLICATION, DISTRIBUTION, ETC. (IMPRINT)
Place of publication, distribution, etc Chicago
Name of publisher, distributor, etc World Book, Inc.
Date of publication, distribution, etc 2000
270 ## - ADDRESS
Address 233 North Michigan Avenue
City Chicago
Postal code IL 60601 U.S.A.
300 ## - PHYSICAL DESCRIPTION
Extent 32p.
Other physical details col.ill.
Dimensions 24cm.
942 ## - ADDED ENTRY ELEMENTS (KOHA)
Source of classification or shelving scheme Dewey Decimal Classification
Item type English Books
Call number suffix WEL

No items available.


© Delhi Public Library
Hit Counter
free hit counter